Derecho matrimonial

Uloženo v:
Podrobná bibliografie
Hlavní autor: Souto Paz, José Antonio (Autor)
Médium: Kniha
Jazyk:španělština
Vydáno: Madrid Marcial Pons 2002
Vydání:2a. ed
Témata:
Tagy: Přidat tag
Žádné tagy, Buďte první, kdo vytvoří štítek k tomuto záznamu!

MARC

LEADER 00000nam a2200000 a 4500
001 UCM9305
003 CL-VaPUC
008 030417e20020000SP |||||||||||||||||spa|d
082 0 4 |a 262.933  |b SOU  |2 21 
100 0 |a Souto Paz, José Antonio  |e author  |9 475768 
245 1 0 |a Derecho matrimonial 
250 |a 2a. ed 
300 |a 308 p 
942 |c BK 
945 |d 20030417 00:00:00  |a cmena 
260 |a Madrid  |b Marcial Pons  |c 2002 
650 7 |a DERECHO CANONICO  |2 CL-VaPUC  |9 475769 
650 7 |a MATRIMONIO  |2 CL-VaPUC  |9 475770 
650 0 |a Derecho de familia  |9 255603 
650 7 |a CONSENTIMIENTO PARA EL MATRIMONIO  |2 CL-VaPUC  |9 338827 
583 |a last modification  |c 20030417 00:00:00  |k Rodrigo Vera 
999 |c 303626  |d 303624 
952 |0 0  |1 0  |4 0  |6 262_933000000000000_SOU_2002  |7 0  |8 A  |9 365088  |a BIBDER  |b BIBDER  |d 2019-11-21  |i 3897427  |l 1  |o 262.933 SOU 2002  |p 3897427  |r 2023-01-25  |s 2020-03-13  |w 2019-11-21  |y BK  |k DER